| 000 | 00521nam a2200145Ia 4500 | ||
|---|---|---|---|
| 008 | 140724s9999 xx 000 0 und d | ||
| 050 |
_aHF 5415 _b.B623 2012 |
||
| 100 | _aBistayan, Joane Faye L. | ||
| 245 | 2 |
_aA marketing research and analysis for Capital G : _bhow to groove in an eventful society / _cJoane Faye L. Bistayan. |
|
| 260 |
_aLas PiƱas, Philippines : _bSouthville International School and Colleges, _cc2012. |
||
| 300 |
_a53 p. : _bill. ; _c28 cm. |
||
| 521 | _aMarketing | ||
| 942 | _cTH | ||
| 999 |
_c228772 _d228772 |
||